[Event "FSIMB July"]
[Site "Budapest HUN"]
[Date "2009.07.05"]
[Round "2"]
[White "Petran,Pa"]
[Black "Mihok,O"]
[Result "1/2-1/2"]
[WhiteElo "2369"]
[BlackElo "2357"]
[EventDate "2009.07.04"]

1. d4 Nf6 2. c4 e6 3. Nc3 Bb4 4. e3 b6 5. Bd3 Bb7 6. Nf3 Ne4 7. O-O Bxc3 8.
bxc3 Nxc3 9. Qc2 Bxf3 10. gxf3 Qg5+ 11. Kh1 Qh5 1/2-1/2

23rd Pula Open
--------------

[Event "Open"]
[Site "Pula CRO"]
[Date "2009.06.27"]
[Round "1"]
[White "Saric,Iv"]
[Black "Wagner,Rai"]
[Result "1-0"]
[WhiteElo "2576"]
[BlackElo "2043"]
[EventDate "2009.06.27"]

1. e4 c5 2. Nf3 a6 3. c3 d5 4. exd5 Qxd5 5. d4 Bg4 6. Be2 e6 7. O-O Nf6 8.
h3 Bh5 9. Be3 cxd4 10. cxd4 Nc6 11. Nc3 Qd6 12. Qd2 Nd5 13. Rac1 Ncb4 14.
Ne4 Qb8 15. a3 Nxe3 16. fxe3 Nd5 17. Ne5 Bg6 18. Ng5 Nf6 19. Bd3 Bd6 20.
Bxg6 hxg6 21. Ngxf7 O-O 22. Nxd6 Qxd6 23. Qd3 Nd5 24. Qxg6 Nxe3 25. Rf7
Rxf7 26. Qxf7+ Kh7 27. Rc7 Nf5 28. Rd7 Qb6 29. Ng4 Kh8 30. Qh5+ Kg8 31.
Nf6+ 1-0

[Event "Open"]
[Site "Pula CRO"]
[Date "2009.06.27"]
[Round "1"]
[White "Soupizon,R"]
[Black "Zelcic,R"]
[Result "0-1"]
[WhiteElo "2032"]
[BlackElo "2555"]
[EventDate "2009.06.27"]

1. e4 c5 2. Nc3 g6 3. f4 Bg7 4. Nf3 d6 5. Bc4 e6 6. d3 Ne7 7. O-O O-O 8.
Qe1 Nbc6 9. Kh1 d5 10. Bb3 Nd4 11. Nxd4 cxd4 12. Ne2 dxe4 13. dxe4 a5 14.
a4 Bd7 15. Ng1 b5 16. Nf3 bxa4 17. Bxa4 Bxa4 18. Rxa4 Qb6 19. b4 Nc6 20.
bxa5 Qb5 21. Ra3 Rxa5 22. Rxa5 Nxa5 23. e5 Nc6 24. Rf2 Ra8 25. Rd2 Qc4 26.
Bb2 Bh6 27. Qe4 Rb8 28. Bxd4 Rb1+ 29. Ng1 Rf1 30. g3 Bf8 31. Qd3 Qxd3 32.
Rxd3 Nxd4 33. Kg2 Rxg1+ 34. Kxg1 Nxc2 35. Rd7 h6 36. Kf2 Nb4 37. g4 Nc6 38.
h4 g5 39. hxg5 hxg5 40. Rc7 Nb4 41. Ke3 Nd5+ 0-1

[Event "Open"]
[Site "Pula CRO"]
[Date "2009.06.27"]
[Round "1"]
[White "Jankovic,A"]
[Black "Schink,B"]
[Result "1-0"]
[WhiteElo "2540"]
[BlackElo "2029"]
[EventDate "2009.06.27"]

1. d4 d5 2. c4 e6 3. Nc3 Nf6 4. e3 Nbd7 5. Nf3 Bd6 6. Qc2 h6 7. g4 c6 8. h3
e5 9. cxd5 cxd5 10. Nb5 Bb8 11. Bd2 e4 12. Rc1 O-O 13. Bb4 Re8 14. Nd2 Qb6
15. a4 Nh7 16. a5 Qf6 17. Nc7 Bxc7 18. Qxc7 Ndf8 19. Bb5 Be6 20. Bxe8 Rc8
21. Qxc8 Bxc8 22. Rxc8 Qe6 23. Rd8 b6 24. a6 b5 25. Ke2 Qxa6 26. Rc1 Qb6
27. Rcc8 Ne6 28. Rb8 1-0

[Event "Open"]
[Site "Pula CRO"]
[Date "2009.06.27"]
[Round "1"]
[White "Klem,D"]
[Black "Jovanic,O"]
[Result "0-1"]
[WhiteElo "2028"]
[BlackElo "2539"]
[EventDate "2009.06.27"]

1. e4 c5 2. Nf3 e6 3. d4 cxd4 4. c3 Nf6 5. Bd3 dxc3 6. Nxc3 d6 7. O-O Be7
8. Qe2 O-O 9. Rd1 Nbd7 10. Bf4 Qa5 11. Nb5 e5 12. Bd2 Qd8 13. Bb4 Qb6 14.
a4 a5 15. Ba3 Nc5 16. Qe3 Bg4 17. Bxc5 Qxc5 18. Qxc5 dxc5 19. h3 Bxf3 20.
gxf3 Rad8 21. Bc4 g6 22. Bb3 Kg7 23. Rxd8 Rxd8 24. Rd1 Rxd1+ 25. Bxd1 Nh5
26. Be2 Nf4 27. Bf1 c4 28. Bxc4 Nxh3+ 29. Kg2 Nf4+ 30. Kg3 Nh5+ 31. Kg2
Nf4+ 32. Kg3 h5 33. Nc7 Bc5 34. Nd5 Ne6 35. Ne3 Bxe3 36. fxe3 Nc5 37. b3 f6
38. Bd5 b6 39. Bc4 Kh6 40. Kh4 Nd7 41. Be6 Nb8 42. Bc8 Nc6 43. Be6 Nb4 44.
Bc4 Nc2 45. Bb5 Nxe3 46. Bd3 f5 47. exf5 Nxf5+ 48. Bxf5 gxf5 49. Kh3 Kg5
50. Kg3 h4+ 51. Kh3 e4 52. fxe4 fxe4 53. b4 axb4 54. a5 bxa5 55. Kh2 b3 56.
Kh1 b2 57. Kh2 b1=Q 58. Kh3 Qh1+ 0-1

[Event "Open"]
[Site "Pula CRO"]
[Date "2009.06.27"]
[Round "1"]
[White "Dubravac,A"]
[Black "Papp,Ga"]
[Result "0-1"]
[WhiteElo "2025"]
[BlackElo "2524"]
[EventDate "2009.06.27"]

1. c4 Nf6 2. Nc3 e5 3. d4 exd4 4. Qxd4 Nc6 5. Qd1 Bb4 6. a3 Bxc3+ 7. bxc3
O-O 8. Bg5 h6 9. Bh4 d6 10. e3 g5 11. Bg3 Ne4 12. Bd3 Nxg3 13. hxg3 Qf6 14.
Rc1 Ne5 15. Nf3 Bg4 16. Be2 Rad8 17. O-O Rfe8 18. Nd2 Bxe2 19. Qxe2 Qg6 20.
Rfd1 f5 21. Nf3 Qh5 22. Rd2 b6 23. Rcd1 Re7 24. Rd5 Rf8 25. R1d2 Nd7 26.
Nd4 Qxe2 27. Rxe2 Ne5 28. f4 Nxc4 29. Nxf5 Re6 30. e4 c6 31. Rd4 b5 32. Kf2
Kh7 33. a4 c5 34. Rd1 bxa4 35. Kf3 a3 36. Ra2 gxf4 37. gxf4 Rb8 38. Ng3 Rb2
39. Rda1 Rg6 40. f5 Ne5+ 0-1

[Event "Open"]
[Site "Pula CRO"]
[Date "2009.06.27"]
[Round "1"]
[White "Cvitan,O"]
[Black "Arndt,U"]
[Result "1-0"]
[WhiteElo "2523"]
[BlackElo "2024"]
[EventDate "2009.06.27"]

1. c4 Nf6 2. Nc3 d5 3. cxd5 Nxd5 4. Nf3 c5 5. g3 e6 6. Bg2 Be7 7. O-O O-O
8. d4 b6 9. e4 Nxc3 10. bxc3 Bb7 11. Re1 Na6 12. h4 Rc8 13. Bf4 Re8 14. Rb1
Bd6 15. Bd2 Qc7 16. Rb2 Red8 17. Bh3 Rb8 18. Bf1 Ra8 19. Bg5 Be7 20. Bxe7
Qxe7 21. d5 exd5 22. exd5 Qf6 23. Rd2 Qxc3 24. Re7 Bc8 25. Ne5 Nb4 26. a3
f6 27. Nc4 b5 28. Re3 Nd3 29. Bxd3 Kf8 30. Bf1 Rd6 1-0

[Event "Open"]
[Site "Pula CRO"]
[Date "2009.06.27"]
[Round "1"]
[White "Neagos,R"]
[Black "Saric,A"]
[Result "0-1"]
[WhiteElo "2024"]
[BlackElo "2502"]
[EventDate "2009.06.27"]

1. d4 Nf6 2. c4 e6 3. Nc3 Bb4 4. e3 O-O 5. Bd3 d5 6. Nge2 dxc4 7. Bxc4 e5
8. O-O Nc6 9. a3 Bd6 10. Nb5 exd4 11. Nxd6 Qxd6 12. exd4 Be6 13. Bf4 Qd7
14. Bxe6 fxe6 15. Qb3 Nd5 16. Be5 a5 17. Rac1 a4 18. Qg3 Rf7 19. Nc3 Nce7
20. Ne4 h6 21. Rfe1 b6 22. Nd2 Ra5 23. Nc4 Rb5 24. Qg4 Nc6 25. Re4 Rb3 26.
Qg6 b5 27. Ne3 Nxe5 28. Rxe5 Nf4 29. Qc2 Nd3 30. Qd1 0-1

[Event "Open"]
[Site "Pula CRO"]
[Date "2009.06.27"]
[Round "1"]
[White "Tratar,M"]
[Black "Deur,Z"]
[Result "1-0"]
[WhiteElo "2488"]
[BlackElo "2020"]
[EventDate "2009.06.27"]

1. d4 Nf6 2. Nf3 e6 3. c4 Nc6 4. Nc3 Bb4 5. Qc2 h6 6. e4 O-O 7. e5 Ne8 8.
a3 Bxc3+ 9. Qxc3 d6 10. Bd3 f5 11. h4 b6 12. Bf4 Ne7 13. h5 Bb7 14. Nh4 c5
15. exd6 Nxd6 16. dxc5 bxc5 17. O-O-O Qb6 18. f3 Rfd8 19. Rde1 Nf7 20. Ng6
Nxg6 21. hxg6 Nh8 22. Bxh6 gxh6 23. Rxh6 Rd4 24. Reh1 Nxg6 25. Rxg6+ Kf7
26. Bxf5 Qd6 27. Rh7+ Kf8 28. Qe3 Rxc4+ 29. Kb1 Qd1+ 30. Ka2 Bd5 31. Qh6+
1-0

[Event "Open"]
[Site "Pula CRO"]
[Date "2009.06.27"]
[Round "1"]
[White "Osborne,S"]
[Black "Martinovic,Sa"]
[Result "0-1"]
[WhiteElo "2020"]
[BlackElo "2483"]
[EventDate "2009.06.27"]

1. e4 c5 2. Nf3 Nc6 3. Bb5 e6 4. O-O Nge7 5. Re1 a6 6. Bf1 d5 7. d3 d4 8.
a4 g6 9. Bf4 Bg7 10. Nbd2 e5 11. Bg3 O-O 12. Nc4 f6 13. a5 Be6 14. Nfd2 Qc7
15. Be2 Rae8 16. Bf3 h5 17. Qe2 Nc8 18. h3 Nd6 19. Nb3 Nxc4 20. dxc4 Nb4
21. Nc1 Bh6 22. Rd1 Rd8 23. b3 Bxc1 24. Rdxc1 d3 25. cxd3 Rxd3 26. Rd1 Rxb3
27. Qd2 Rd3 28. Qh6 Qg7 29. Qxg7+ Kxg7 30. Be2 Rxd1+ 31. Rxd1 Nc6 32. Rb1
Nxa5 33. Rb6 Bxc4 34. Bxc4 Nxc4 35. Rxb7+ Rf7 36. Rb8 Rc7 37. f4 Rc6 38. h4
Kf7 39. Rb7+ Ke6 40. Rg7 exf4 41. Bxf4 Ne5 42. Kf1 c4 43. Ke2 c3 44. Bxe5
Kxe5 45. Kd1 c2+ 46. Kc1 f5 47. exf5 Kxf5 48. Rd7 Kg4 49. Rd4+ Kg3 0-1

[Event "Open"]
[Site "Pula CRO"]
[Date "2009.06.27"]
[Round "1"]
[White "Sebenik,M"]
[Black "Gutschi,E"]
[Result "1-0"]
[WhiteElo "2482"]
[BlackElo "2019"]
[EventDate "2009.06.27"]

1. d4 d5 2. Nf3 Nf6 3. c4 dxc4 4. e3 e6 5. Bxc4 Be7 6. O-O O-O 7. Qe2 b6 8.
Nc3 Bb7 9. e4 h6 10. Bf4 Nh5 11. Be3 Nf6 12. Bd3 Nh7 13. Rac1 Nd7 14. Rfd1
Qe8 15. Nb5 c5 16. Nc7 Qb8 17. Nxa8 Qxa8 18. Nd2 cxd4 19. Bxd4 e5 20. Bc3
Bg5 21. Bb4 Rd8 22. Bb5 Ndf6 23. f3 Nf8 24. Be7 Rd4 25. Nb3 Rxe4 26. fxe4
Bxe4 27. Rd8 Qb7 28. Rxf8+ Kh7 29. Bxf6 Bxc1 30. Nxc1 gxf6 31. Rxf7+ 1-0

[Event "Open"]
[Site "Pula CRO"]
[Date "2009.06.27"]
[Round "1"]
[White "Mejvik,J"]
[Black "Fercec,N"]
[Result "0-1"]
[WhiteElo "2019"]
[BlackElo "2478"]
[EventDate "2009.06.27"]

1. e4 c5 2. Nf3 d6 3. d4 cxd4 4. Nxd4 Nf6 5. Nc3 a6 6. Nb3 e5 7. Bg5 Be6 8.
Nd5 Nbd7 9. Bd3 Bxd5 10. exd5 Be7 11. Qf3 O-O 12. Bd2 Re8 13. O-O Bf8 14.
Rfe1 g6 15. c4 Bg7 16. Bf1 a5 17. Bc3 b6 18. Nd2 Nc5 19. b3 e4 20. Qh3 h5
21. Be2 b5 22. Rad1 b4 23. Bd4 Nfd7 24. Bxg7 Kxg7 25. Qg3 Re5 26. f3 Qb6
27. Kh1 Rae8 28. f4 R5e7 29. Qe3 f5 30. Nf1 Nf6 31. Qd4 Kf7 32. Ne3 Ng4 33.
Bxg4 hxg4 34. h3 g3 35. Nf1 Qa7 36. Nxg3 Nd3 37. Qxa7 Rxa7 38. Rf1 a4 39.
Ne2 axb3 40. axb3 Ra2 41. Nc1 Nxc1 42. Rxc1 e3 43. Kg1 Re4 44. Ra1 Rxa1 45.
Rxa1 Rxf4 46. Re1 Re4 47. g3 Kf6 48. Kg2 Ke5 49. Kf3 Kd4 50. g4 fxg4+ 51.
hxg4 Re8 52. Ke2 Kc3 53. Rc1+ Kb2 54. Rd1 Kxb3 55. c5 dxc5 56. d6 c4 57. d7
Rd8 58. Kxe3 c3 59. Rd4 Kc2 60. Rxb4 Rxd7 61. Rc4 Rd3+ 62. Kf4 Kd2 63. Kg5
Rd6 0-1

[Event "Open"]
[Site "Pula CRO"]
[Date "2009.06.27"]
[Round "1"]
[White "Doric,D"]
[Black "Djeno,S"]
[Result "1-0"]
[WhiteElo "2468"]
[BlackElo "2015"]
[EventDate "2009.06.27"]

1. d4 e6 2. c4 d5 3. Nc3 c6 4. e4 dxe4 5. Nxe4 Nf6 6. Nxf6+ Qxf6 7. Nf3
Bb4+ 8. Bd2 Bxd2+ 9. Qxd2 O-O 10. Bd3 Rd8 11. O-O Nd7 12. Rad1 b6 13. Qc2
Kh8 14. c5 Bb7 15. Rfe1 Rac8 16. Be4 h6 17. b4 Rc7 18. Ne5 Rdc8 19. Nc4 Ba8
20. Re3 Rd8 21. Nd6 Qe7 22. g3 Nf6 23. Bg2 Ne8 24. Nc4 Rb8 25. a3 b5 26.
Ne5 Nf6 27. f4 Qf8 28. g4 Nd5 29. Bxd5 exd5 30. g5 g6 31. Ng4 h5 32. Nf6
Kg7 33. Rde1 1-0

[Event "Open"]
[Site "Pula CRO"]
[Date "2009.06.27"]
[Round "1"]
[White "Bartl,U"]
[Black "Loncar,R"]
[Result "0-1"]
[WhiteElo "2015"]
[BlackElo "2435"]
[EventDate "2009.06.27"]

1. d4 d5 2. c4 dxc4 3. Nf3 Nf6 4. e3 e6 5. Bxc4 a6 6. Nc3 Nbd7 7. O-O b5 8.
Bd3 Bb7 9. Qe2 c5 10. Rd1 Qc7 11. a4 c4 12. Bb1 b4 13. Na2 a5 14. e4 Be7
15. Bg5 Nb6 16. Ne5 Ba6 17. Nc1 c3 18. Qc2 Rc8 19. b3 h6 20. Bh4 Nh5 21.
Bxe7 Qxe7 22. Ncd3 Bxd3 23. Qxd3 O-O 24. Bc2 Qc7 25. Qf3 Nf6 26. Nd3 Rfe8
27. e5 Nfd7 28. Nf4 Nf8 29. Qg4 Qe7 30. h4 Nd5 31. Nh5 f5 32. exf6 Nxf6 33.
Nxf6+ Qxf6 0-1

[Event "Open"]
[Site "Pula CRO"]
[Date "2009.06.27"]
[Round "1"]
[White "Rukavina,J"]
[Black "Pribila,G"]
[Result "1-0"]
[WhiteElo "2423"]
[BlackElo "2013"]
[EventDate "2009.06.27"]

1. c4 c5 2. Nf3 g6 3. e4 Bg7 4. d4 cxd4 5. Nxd4 Nc6 6. Be3 d6 7. Nc3 Nf6 8.
Be2 O-O 9. O-O Bd7 10. Qd2 Qa5 11. f3 Rfc8 12. Nb3 Qd8 13. c5 dxc5 14. Nxc5
b6 15. Nxd7 Qxd7 16. Qxd7 Nxd7 17. Ba6 Nb4 18. Bxc8 Rxc8 19. Rad1 Ne5 20.
Nd5 Nxd5 21. Rxd5 h5 22. Rc1 1-0

[Event "Open"]
[Site "Pula CRO"]
[Date "2009.06.27"]
[Round "1"]
[White "Vrchotka,J"]
[Black "Franic,M"]
[Result "0-1"]
[WhiteElo "2013"]
[BlackElo "2421"]
[EventDate "2009.06.27"]

1. e4 c5 2. Nc3 a6 3. a4 d6 4. Nf3 Nf6 5. Be2 g6 6. d4 cxd4 7. Nxd4 Bg7 8.
O-O O-O 9. Be3 Nc6 10. Qd2 Bd7 11. f4 Rc8 12. Bf3 Na5 13. b3 Qc7 14. Nd5
Nxd5 15. exd5 Qc3 16. Rad1 b5 17. axb5 axb5 18. Ne2 Qxd2 19. Bxd2 Nb7 20.
c3 Nc5 21. b4 Na4 22. Rfe1 Rfe8 23. Rc1 Rc4 24. Nd4 Nxc3 25. Bxc3 Rxc3 26.
Nc6 e6 27. Rxc3 Bxc3 28. Rc1 Bd2 29. Rc2 Bxf4 30. Be2 exd5 31. Bxb5 Kg7 32.
Bd3 Re3 33. Bf1 Rb3 34. g3 Be3+ 35. Kg2 d4 36. b5 d3 37. Rc4 Bc5 38. Nd4
Rb2+ 39. Kf3 d2 0-1

[Event "Open"]
[Site "Pula CRO"]
[Date "2009.06.27"]
[Round "1"]
[White "Levang,P"]
[Black "Barle,J"]
[Result "0-1"]
[WhiteElo "2010"]
[BlackElo "2411"]
[EventDate "2009.06.27"]

1. c4 b6 2. d4 e6 3. Nf3 Bb7 4. Bg5 Be7 5. Bf4 Nf6 6. Nfd2 c5 7. Nc3 cxd4
8. Nb5 d6 9. Qa4 O-O 10. e3 e5 11. Bg5 a6 12. Na3 Ng4 13. Bxe7 Qxe7 14. e4
Qf6 15. f3 Ne3 16. Nc2 Qg5 17. Qb3 Nd7 18. Nxe3 dxe3 19. Nb1 Nc5 20. Qc2 f5
21. exf5 e4 22. h4 Qg3+ 23. Kd1 exf3 24. Rh3 fxg2 0-1

[Event "Open"]
[Site "Pula CRO"]
[Date "2009.06.27"]
[Round "1"]
[White "Ljubicic,F"]
[Black "Hofbauer,K"]
[Result "1-0"]
[WhiteElo "2406"]
[BlackElo "2009"]
[EventDate "2009.06.27"]

1. e4 c5 2. c3 d5 3. exd5 Qxd5 4. d4 Nc6 5. Nf3 Bg4 6. Be2 e6 7. O-O Nf6 8.
h3 Bh5 9. Be3 cxd4 10. cxd4 Be7 11. Nc3 Qd8 12. Qb3 Qb6 13. Qc2 Qa5 14. a3
O-O 15. Rfd1 Nd5 16. b4 Qd8 17. Nxd5 exd5 18. Ne5 Bxe2 19. Qxe2 Rc8 20. Qb5
f6 21. Nd3 Rc7 22. Nf4 a6 23. Qxd5+ Qxd5 24. Nxd5 Rd7 25. Nb6 Rdd8 26. d5
Ne5 27. Rac1 Bd6 28. Bc5 Rfe8 29. Kf1 Nf7 30. g3 h5 31. h4 g5 32. hxg5 fxg5
33. Nc4 Ne5 34. Nxd6 1-0

[Event "Open"]
[Site "Pula CRO"]
[Date "2009.06.27"]
[Round "1"]
[White "Murgia,A"]
[Black "Nester,I"]
[Result "0-1"]
[WhiteElo "2009"]
[BlackElo "2390"]
[EventDate "2009.06.27"]

1. e4 e5 2. Nf3 Nc6 3. Bb5 a6 4. Ba4 Nf6 5. Qe2 Be7 6. c3 b5 7. Bc2 O-O 8.
O-O d6 9. a4 Bb7 10. axb5 axb5 11. Rxa8 Qxa8 12. d3 Nd7 13. Na3 b4 14. Nc4
Nc5 15. Ne3 b3 16. Bb1 Qa1 17. Nd5 Qxb1 18. Nxe7+ Nxe7 19. Bg5 Qxd3 20.
Qxd3 Nxd3 21. Bxe7 Re8 22. Bg5 Bxe4 23. Nd2 Bd5 24. c4 Be6 25. Nxb3 Nxb2
26. Nd2 h6 27. Be3 Nxc4 28. Nxc4 Bxc4 29. Rc1 d5 30. Bc5 Rb8 31. g4 Bd3 32.
Kg2 Rb1 33. Rxb1 Bxb1 34. Kg3 f6 35. f4 Kf7 36. h4 g6 37. Be3 d4 38. Bc1 h5
39. f5 gxf5 40. gxh5 f4+ 41. Kf3 c5 0-1

[Event "Open"]
[Site "Pula CRO"]
[Date "2009.06.27"]
[Round "1"]
[White "Feletar,D"]
[Black "Teuschler,A"]
[Result "1/2-1/2"]
[WhiteElo "2382"]
[BlackElo "2007"]
[EventDate "2009.06.27"]

1. Nf3 b6 2. d4 e6 3. e4 Bb7 4. Bd3 c5 5. O-O Nf6 6. Nbd2 cxd4 7. Nxd4 Nc6
8. Nxc6 dxc6 9. f4 h5 10. Nf3 Qc7 11. Qe2 a6 12. e5 Nd5 13. f5 Bc8 14. fxe6
Bxe6 15. Ng5 O-O-O 16. Nxe6 fxe6 17. Bxa6+ Kb8 18. Bd3 Bc5+ 19. Kh1 Bd4 20.
h3 Bxe5 21. Bg6 Rdf8 22. Bd2 Bxb2 23. Rab1 Bc3 24. Rxf8+ Rxf8 25. Bxh5 Qg3
26. Bxc3 Nxc3 27. Rxb6+ Kc7 28. Qa6 Qe1+ 29. Kh2 Qe5+ 30. Kh1 Qe1+ 1/2-1/2

[Event "Open"]
[Site "Pula CRO"]
[Date "2009.06.27"]
[Round "1"]
[White "Greb,N"]
[Black "Petran,Pe"]
[Result "0-1"]
[WhiteElo "2002"]
[BlackElo "2365"]
[EventDate "2009.06.27"]

1. e4 g6 2. d4 Bg7 3. f4 c5 4. c3 Qa5 5. Nd2 cxd4 6. Nb3 Qb6 7. cxd4 d6 8.
h3 Bd7 9. Nf3 Ba4 10. Qd3 Nf6 11. d5 Bxb3 12. axb3 Nbd7 13. e5 Qb4+ 14. Bd2
Qe4+ 15. Qxe4 Nxe4 16. Bb5 Nxd2 17. Kxd2 dxe5 18. fxe5 O-O-O 19. Bxd7+ Rxd7
20. Rxa7 Rxd5+ 21. Ke3 Kc7 22. Ke4 Rhd8 23. Rc1+ Kb6 24. Ra4 Rb5 25. Rc2
Rdd5 26. Ra8 Bxe5 27. Nxe5 Rxe5+ 28. Kf4 Rf5+ 29. Kg3 Rxb3+ 30. Kh2 Rc5 31.
Re2 e5 32. Re8 Rcb5 33. Rd2 Rxb2 34. Rd7 e4 35. Rxf7 Rg5 36. Rxh7 Rbxg2+
37. Kh1 Rg1+ 38. Kh2 R5g2+ 0-1

[Event "Open"]
[Site "Pula CRO"]
[Date "2009.06.27"]
[Round "1"]
[White "Plenkovic,Z"]
[Black "Ascic,I"]
[Result "1-0"]
[WhiteElo "2365"]
[BlackElo "2001"]
[EventDate "2009.06.27"]

1. e4 e5 2. Nf3 Nc6 3. d4 exd4 4. Nxd4 Nf6 5. Nxc6 bxc6 6. e5 Qe7 7. Qe2
Nd5 8. c4 Nb6 9. g3 Qe6 10. Nd2 Be7 11. b3 O-O 12. Bb2 Ba6 13. O-O-O f6 14.
exf6 Qxe2 15. Bxe2 Bxf6 16. Bxf6 Rxf6 17. Ne4 Rff8 18. f4 Rae8 19. Bf3 Bc8
20. c5 Nd5 21. Rd4 Rd8 22. Kd2 d6 23. cxd6 cxd6 24. Rc1 Bb7 25. Ng5 Rfe8
26. Bxd5+ cxd5 27. Rc7 Ba6 28. Ra4 Re2+ 29. Kd1 Bd3 30. Rd4 Bb5 31. a4 Rde8
32. axb5 Re1+ 33. Kc2 R8e2+ 34. Rd2 h6 35. Rxe2 Rxe2+ 36. Kd3 Re8 37. Nf3
1-0

[Event "Open"]
[Site "Pula CRO"]
[Date "2009.06.27"]
[Round "1"]
[White "Rozic,S"]
[Black "Schachinger,M"]
[Result "0-1"]
[WhiteElo "1999"]
[BlackElo "2350"]
[EventDate "2009.06.27"]

1. e4 e5 2. d4 exd4 3. Qxd4 Nc6 4. Qe3 Nf6 5. Nc3 Bb4 6. Bd2 O-O 7. O-O-O
Re8 8. f3 d5 9. Qf2 d4 10. Nce2 Bc5 11. Nf4 a6 12. g4 Ne5 13. g5 Nfd7 14.
Nd3 Nxd3+ 15. cxd3 Ne5 16. h3 Be6 17. Kb1 Qd7 18. b3 Qb5 19. Kc2 a5 20. f4
a4 21. b4 Bxb4 22. Qxd4 Nc6 23. Qa1 Bb3+ 0-1

[Event "Open"]
[Site "Pula CRO"]
[Date "2009.06.27"]
[Round "1"]
[White "Doric,N"]
[Black "Chrast,A"]
[Result "1-0"]
[WhiteElo "2344"]
[BlackElo "1998"]
[EventDate "2009.06.27"]

1. e4 c5 2. Nf3 d6 3. c3 Nf6 4. Be2 Nc6 5. d4 cxd4 6. cxd4 e6 7. Nc3 Be7 8.
O-O O-O 9. Be3 a6 10. Rc1 Bd7 11. d5 exd5 12. exd5 Nb8 13. Nd4 Bc8 14. Re1
Re8 15. a4 Nbd7 16. b4 Ne5 17. h3 Bd7 18. Nb3 h6 19. a5 Bf5 20. Na4 Rc8 21.
Qd4 Bc2 22. Nb6 Rc7 23. Nd2 Bf5 24. Nf1 Ned7 25. Ng3 Bg6 26. Qb2 Rxc1 27.
Rxc1 Qb8 28. Nxd7 Nxd7 29. b5 Nc5 30. Bf4 Nd3 31. Bxd3 Bxd3 32. Nh5 f6 33.
Rc3 Bg6 34. Ng3 axb5 35. Qxb5 Rc8 36. Rb3 Rc7 37. a6 Qa7 38. axb7 Qb8 39.
Qa6 Rd7 40. Qa8 Rd8 41. Qxb8 Rxb8 42. Be3 1-0

[Event "Open"]
[Site "Pula CRO"]
[Date "2009.06.28"]
[Round "2"]
[White "Riedel,Ho"]
[Black "Saric,Iv"]
[Result "0-1"]
[WhiteElo "2196"]
[BlackElo "2576"]
[EventDate "2009.06.27"]

1. d4 Nf6 2. c4 g6 3. Nc3 Bg7 4. e4 d6 5. Bg5 h6 6. Be3 Ng4 7. Nf3 Nxe3 8.
fxe3 c5 9. d5 O-O 10. Bd3 Nd7 11. Qc2 Ne5 12. h4 a6 13. h5 g5 14. O-O-O Bd7
15. Ne2 b5 16. Ng3 Qa5 17. Kb1 Rfb8 18. b3 bxc4 19. Bxc4 Nxc4 20. Qxc4 Rb4
21. Qc2 Rab8 22. e5 g4 23. Nd2 Bxe5 24. Ne2 c4 25. Nd4 Qxd5 26. Rhf1 Bxd4
27. exd4 cxb3 28. Nxb3 Ba4 29. Rf4 Bxb3 30. Rxg4+ Kf8 31. Qh7 Bxd1+ 32. Kc1
Qc4+ 33. Kxd1 Rb1+ 34. Kd2 R8b2+ 35. Ke3 Qe2+ 36. Kf4 Rf1+ 0-1

[Event "Open"]
[Site "Pula CRO"]
[Date "2009.06.28"]
[Round "2"]
[White "Waldmann,G"]
[Black "Jankovic,A"]
[Result "0-1"]
[WhiteElo "2188"]
[BlackElo "2540"]
[EventDate "2009.06.27"]

1. e4 c5 2. Nf3 Nc6 3. d4 cxd4 4. Nxd4 Nf6 5. Nc3 d6 6. f4 e5 7. Nf3 Be7 8.
Bd3 Qb6 9. Qe2 O-O 10. Rb1 Be6 11. a3 exf4 12. Bxf4 d5 13. exd5 Nxd5 14.
Nxd5 Bxd5 15. Be3 Bc5 16. Bxc5 Qxc5 17. Qf2 Rae8+ 18. Kf1 Re3 19. Re1 Rfe8
20. Rxe3 Rxe3 21. h4 Bxf3 22. gxf3 Ne5 23. Be2 Ng6 24. f4 Qd5 25. Qxe3
Qxh1+ 26. Kf2 Qxh4+ 27. Kf3 Qh3+ 28. Ke4 Qe6+ 29. Kf3 Qc6+ 30. Qe4 Nh4+ 31.
Ke3 Ng2+ 32. Kd4 Qd6+ 33. Kc3 Nxf4 34. Bc4 Qf6+ 35. Kb3 Ne6 0-1

[Event "Open"]
[Site "Pula CRO"]
[Date "2009.06.28"]
[Round "2"]
[White "Jovanic,O"]
[Black "Kolesar,Mil"]
[Result "1-0"]
[WhiteElo "2539"]
[BlackElo "2178"]
[EventDate "2009.06.27"]

1. d4 d5 2. c4 c6 3. Nc3 Nf6 4. e3 a6 5. Qc2 b5 6. b3 Bg4 7. Nge2 Bxe2 8.
Bxe2 e6 9. O-O Be7 10. Bb2 O-O 11. a4 b4 12. Na2 a5 13. Nc1 Nbd7 14. Nd3
Rc8 15. Rac1 Ne4 16. f3 Nd6 17. c5 Nf5 18. Qd2 Bf6 19. g4 Ne7 20. Rf2 g6
21. Rcf1 Bg7 22. h4 Qc7 23. Rg2 Rce8 24. Qe1 f5 25. Nf4 Nc8 26. Nd3 fxg4
27. Rxg4 Ne7 28. f4 Nf5 29. Bc1 Kh8 30. Rg2 Rg8 31. h5 gxh5 32. Bxh5 Ref8
33. Bg4 Qd8 34. Kh1 Rf6 35. Rf3 Nh4 36. Qxh4 Rh6 37. Qh3 Rxh3+ 38. Rxh3 Nf8
39. Bd2 Bf6 40. Be1 Rg7 41. Ne5 Qe8 42. Bh5 Qc8 43. Nf7+ Kg8 44. Nd6 Qa6
45. Be2 Qa8 46. Rxg7+ Kxg7 47. f5 exf5 48. Nxf5+ Kf7 49. Bg3 Qd8 50. Bf4
Kg8 51. Rg3+ Ng6 52. Bh5 Qd7 53. Nd6 Kg7 54. Bg4 Qa7 55. Be2 Qd7 56. Bd3
Kf8 57. Bf5 Qa7 58. Bh6+ Bg7 59. Bg5 Qa6 60. Rf3 1-0

[Event "Open"]
[Site "Pula CRO"]
[Date "2009.06.28"]
[Round "2"]
[White "Shtivelband,V"]
[Black "Drazic,S"]
[Result "1/2-1/2"]
[WhiteElo "2180"]
[BlackElo "2533"]
[EventDate "2009.06.27"]

1. c4 Nf6 2. d4 c5 3. Nf3 cxd4 4. Nxd4 b6 5. Nc3 Bb7 6. f3 d6 7. e4 e6 8.
Be2 Be7 9. O-O O-O 10. Kh1 a6 11. Be3 Nbd7 12. Rc1 Rc8 13. Qe1 Re8 14. Qf2
Qc7 15. Rfd1 Qb8 16. b4 Bd8 17. Nb3 Bc7 18. g3 Qa8 19. Bf4 Qb8 20. Na4 Bc6
21. Nc3 Bb7 22. Na4 h6 23. c5 dxc5 24. Bxc7 Rxc7 25. bxc5 bxc5 26. Naxc5
Nxc5 27. Nxc5 Qa7 28. Nd3 Qxf2 29. Nxf2 Rec8 30. Rxc7 Rxc7 31. Rd2 Kf8 32.
Kg2 Ke7 33. Nd3 g5 34. Rb2 Nd7 35. e5 g4 36. Kf2 gxf3 37. Bxf3 Bxf3 38.
Kxf3 Rc3 39. Ke4 Rc4+ 40. Ke3 Ra4 41. h3 Kf8 42. Rb7 Rxa2 43. Rxd7 a5 44.
h4 a4 45. Nc5 a3 46. Ne4 Ra1 47. Nf6 h5 48. Rd8+ Kg7 49. Nxh5+ Kh6 50. Rh8+
Kg6 51. Nf4+ Kg7 52. Ra8 a2 53. Kf2 Kh7 54. h5 Kh6 55. Ne2 Kxh5 56. Nc3 Rc1
57. Nxa2 Rc5 58. Kf3 Rxe5 59. Nc3 Rf5+ 60. Kg2 Kg6 61. Ne4 Kg7 62. Nf2 Re5
63. Nd3 Rb5 64. Nf4 Rb2+ 65. Kf3 Rb3+ 66. Kg4 Rb4 67. Kg5 Rb5+ 68. Kh4 Rb4
69. Kh3 Rb5 70. g4 Kh6 71. Kh4 Rb4 72. g5+ Kg7 73. Kg3 Rb3+ 74. Kg4 Rb4 75.
Re8 Rd4 1/2-1/2

[Event "Open"]
[Site "Pula CRO"]
[Date "2009.06.28"]
[Round "2"]
[White "Papp,Ga"]
[Black "Maleki,N"]
[Result "1/2-1/2"]
[WhiteElo "2524"]
[BlackElo "2175"]
[EventDate "2009.06.27"]

1. e4 c6 2. d4 d5 3. Nc3 dxe4 4. Nxe4 Bf5 5. Ng3 Bg6 6. h4 h6 7. Nf3 Nd7 8.
h5 Bh7 9. Bd3 Bxd3 10. Qxd3 e6 11. Bd2 Ngf6 12. O-O-O Be7 13. Rhe1 O-O 14.
Qe2 c5 15. Nf5 exf5 16. Qxe7 Qc7 17. dxc5 Rfe8 18. Qd6 Qxc5 19. Rxe8+ Rxe8
20. Be3 Qxd6 21. Rxd6 a6 22. Nd4 f4 23. Bxf4 Re1+ 24. Kd2 Rb1 25. f3 Rxb2
26. g4 Rxa2 27. Be3 Ra5 28. c4 Rc5 29. Nf5 Rxc4 30. Bd4 Kh7 31. Ne7 Rc7 32.
Nf5 Rc6 33. Kd3 g6 34. hxg6+ fxg6 35. Rxc6 bxc6 36. Ne7 c5 37. Bc3 Kg7 38.
Nd5 Kf7 39. Nc7 Ke7 40. Nxa6 Kd6 41. Bd2 h5 42. gxh5 gxh5 43. Bf4+ Ke6 44.
Bg3 Kf5 45. Nc7 Ne5+ 46. Ke2 c4 47. Nb5 Ke6 48. Nc7+ Kf5 49. Nb5 Ke6 50.
Ke3 Nfd7 51. Ke4 Nf6+ 52. Ke3 Nfd7 53. Ke4 Nf6+ 54. Ke3 Nfd7 55. Ke4 Nf6+
1/2-1/2

[Event "Open"]
[Site "Pula CRO"]
[Date "2009.06.28"]
[Round "2"]
[White "Nannelli,P"]
[Black "Cvitan,O"]
[Result "0-1"]
[WhiteElo "2176"]
[BlackElo "2523"]
[EventDate "2009.06.27"]

1. d4 Nf6 2. Bf4 g6 3. e3 Bg7 4. Nf3 O-O 5. Be2 d6 6. h3 c5 7. c3 Nc6 8.
O-O Be6 9. Nbd2 cxd4 10. cxd4 Qb6 11. Ng5 Bd5 12. Qb1 Rac8 13. Ngf3 Be6 14.
a3 Bf5 15. Bd3 Bxd3 16. Qxd3 Rfd8 17. Bh2 e5 18. Qb3 exd4 19. Qxb6 axb6 20.
exd4 Nd5 21. Ne4 Bf8 22. g4 h6 23. Rac1 b5 24. Rfd1 Na7 25. Rxc8 Nxc8 26.
Rc1 Ncb6 27. b3 Be7 28. Kg2 Kf8 29. Ne1 Ke8 30. Nd3 Kd7 31. Bg1 Ra8 32. Ra1
Bf8 33. f4 Rc8 34. Rc1 Nxf4+ 0-1